| 000 | 01198nam a22002657a 4500 | ||
|---|---|---|---|
| 999 |
_c22616 _d22616 |
||
| 003 | AR-CdUCM | ||
| 008 | 190409b ||||| |||| 00| 0 spa d | ||
| 020 | _a9786124453168 | ||
| 040 |
_aMUNICIPALIDAD PROVINCIAL DEL CUSCO _cBIBLIOTECA MUNICIPAL DEL CUSCO |
||
| 082 |
_a324.985/P46 _bP46 |
||
| 110 |
_aPerú. Jurado Nacional de Elecciones _bCentral de Operaciones del Proceso Electoral _eautor, entidad editora _948673 |
||
| 245 |
_aPerú 2021 : _bel desafío de las ánforas, análisis y resultados de las Elecciones Generales 2021 / _celaborado por la Central de Operaciones del Proceso Electoral ; cuidado de la edición, Enrique Hulerig Villegas |
||
| 260 |
_aLima : _bJurado Nacional de Elecciones, _c2021. |
||
| 300 |
_a119 páginas. : _bilustraciones (principalmente en color), diagramas, mapas, retratos ; _c26 cm. |
||
| 650 |
_aElecciones _91677 |
||
| 650 |
_aPresidentes _91678 |
||
| 650 |
_aParticipación ciudadana _94011 |
||
| 650 |
_aVotación _948652 |
||
| 650 |
_aPolítica y gobierno _92693 |
||
| 650 |
_aSiglo XXI _948674 |
||
| 700 |
_aHulerig, Enrique _eeditor _948672 |
||
| 710 |
_aJurado Nacional de Elecciones _tentidad editora _948650 |
||
| 942 |
_2ddc _cLIBROS |
||
| 945 | _arac | ||